| 000 | 00615nab a2200181 4500 | ||
|---|---|---|---|
| 001 | 244442 | ||
| 003 | OSt | ||
| 005 | 20240123135914.0 | ||
| 007 | tu | ||
| 008 | 200917s2020||||||| | ||
| 040 |
_aDE-2950 _cDE-2950 |
||
| 245 | 0 | 0 |
_aDas erste Festival im Jahr _bVeranstaltung. Vom 25. bis 27. Januar steigt in Frankfurt zum 20. Mal "Folk im Fluss". Hauptspielort mit Konzerten angesagter Musiker ist die Kuma/ _cThomas Gutke |
| 264 | _c2024 | ||
| 653 | _aFrankfurt (Oder) | ||
| 653 | _a"Folk im Fluss" | ||
| 773 | 0 |
_g35. Jahrgang (2024) Nr. 19 vom 23.01.2024, S. 15, mit Foto _tMärkische Oderzeitung |
|
| 942 |
_2z _cA |
||
| 999 |
_c372948 _d372948 |
||